00618cam a22001931 450000100060000000300080000600500170001400800410003103500200007204000310009204100080012308200220013110000280015324500570018126000940023830000200033265000300035265500420038264998BD-RjUL20211209081357.0170226s1945 nyu 000 1 eng d a(BD-RjUL) 65128 aDLCcBD-RjULdBD-RjULbeng aeng 223a813bKNP 19451 aKnight, Kathleen Moore.10aPort of seven strangers /cby Kathleen Moore Knight. aGarden City,aNew York,bPub. for the Crime Club by Doubleday, Doran & Co., inc.,cc1945. a164p. ;c20 cm. aAmerican FictionxEnglish 7aDetective and mystery stories.2gsafd